Mariano Marcos State University

University Library System

Practical textbook of biochemistry for medical students : (Record no. 29119)

MARC details
000 -LEADER
fixed length control field 00755nam a22002177a 4500
003 - CONTROL NUMBER IDENTIFIER
control field OSt
005 - DATE AND TIME OF LATEST TRANSACTION
control field 20260507164614.0
008 - FIXED-LENGTH DATA ELEMENTS--GENERAL INFORMATION
fixed length control field 260507b |||||||| |||| 00| 0 eng d
020 ## - INTERNATIONAL STANDARD BOOK NUMBER
International Standard Book Number 9789356962903 Pbk. Bp.
040 ## - CATALOGING SOURCE
Original cataloging agency MMSU
Transcribing agency ULS
050 ## - LIBRARY OF CONGRESS CALL NUMBER
Classification number QP 514.2 V37 2024 COM
100 ## - MAIN ENTRY--PERSONAL NAME
Personal name Vasudevan, DM
245 ## - TITLE STATEMENT
Title Practical textbook of biochemistry for medical students :
Remainder of title as per the competency-based Medical Education Curriculum (NMC) /
Statement of responsibility, etc. DM Vasudevan, Subir Kumar Das.
250 ## - EDITION STATEMENT
Edition statement Fourth edition.
260 ## - PUBLICATION, DISTRIBUTION, ETC.
Place of publication, distribution, etc. New Delhi :
Name of publisher, distributor, etc. Jaypee Brothers Medical Publishers,
Date of publication, distribution, etc. 2024.
300 ## - PHYSICAL DESCRIPTION
Extent xx, 339 pages :
Other physical details color illustrations ;
Dimensions 27 cm.
504 ## - BIBLIOGRAPHY, ETC. NOTE
Bibliography, etc. note Includes index.
650 ## - SUBJECT ADDED ENTRY--TOPICAL TERM
Topical term or geographic name entry element Biochemistry.
9 (RLIN) 601
650 ## - SUBJECT ADDED ENTRY--TOPICAL TERM
Topical term or geographic name entry element Clinical Medicine.
942 ## - ADDED ENTRY ELEMENTS (KOHA)
Source of classification or shelving scheme
Koha item type Books
Holdings
Withdrawn status Lost status Source of classification or shelving scheme Damaged status Not for loan Home library Current library Shelving location Date acquired Inventory number Total Checkouts Full call number Barcode Date last seen Price effective from Koha item type
          MMSU College of Medicine MMSU College of Medicine Circulation 05/07/2026 26-0019   QP 514.2 V37 2024 COM 41762 05/07/2026 05/07/2026 Books

© 2023 Mariano Marcos State University. All Rights Reserved.

Powered by Koha